| 000 | 00544nam a2200181 i 4500 | ||
|---|---|---|---|
| 001 | 71141 | ||
| 003 | ES-MaACL | ||
| 005 | 20230906171032.0 | ||
| 007 | t| | ||
| 008 | 040805s1914 fr ||||1| fre d | ||
| 100 | 1 |
_aGaultier, René. _956012 |
|
| 245 | 1 | 0 |
_aPrécis de coprologie clinique / _cpar René Gaultier ; préface de Albert Robin. |
| 250 | _a2eme. ed. | ||
| 260 |
_aParis : _bJ.B. Baillière, _c1914 ( _eCorbeil : _fCrété) |
||
| 300 |
_a536 p. : _bil. ; _c21 cm. |
||
| 700 | 1 |
_aRobín, Albert. _997867 |
|
| 852 |
_aES-MaACL _jB-11763 |
||
| 999 |
_c71141 _d71141 |
||